[Event "7. Open de Sants Hostafrancs"]
[Site "Barcelona ESP"]
[Date "2005.08.31"]
[Round "6.11"]
[White "Grigore, George Gabriel"]
[Black "Lopez Gracia, Fernando"]
[Result "1/2-1/2"]
[WhiteElo "2479"]
[BlackElo "2323"]
[PlyCount "91"]
[EventDate "2005.08.27"]
[EventType "swiss"]
[EventRounds "10"]
[EventCountry "ESP"]
[Source "lmi"]
[SourceDate "2005.08.30"]

1. d4 Nf6 2. c4 g6 3. Nc3 Bg7 4. e4 d6 5. Be2 O-O 6. Nf3 e5 7. dxe5 dxe5 8.
Qxd8 Rxd8 9. Bg5 Re8 10. Nd5 Nxd5 11. cxd5 c6 12. Bc4 cxd5 13. Bxd5 Nd7 14. Nd2
Nc5 15. Be3 Bf8 16. Ke2 Be6 17. Bxe6 Nxe6 18. Rac1 b6 19. Nb3 Rac8 20. a4 Bc5
21. Nxc5 Nxc5 22. f3 Nb3 23. Rxc8 Rxc8 24. Rd1 Rc2+ 25. Kf1 Kg7 26. Rd7 Rxb2
27. Rxa7 Nd2+ 28. Kg1 Nc4 29. Bg5 h6 30. Rc7 Rb4 31. Be7 Rxa4 32. Rc6 g5 33. h4
gxh4 34. Bxh4 b5 35. Bf6+ Kh7 36. Rc5 Ra6 37. Bxe5 Nxe5 38. Rxe5 Rb6 39. Rd5 b4
40. Rd2 b3 41. Rb2 Kg6 42. Kf2 f5 43. Ke3 fxe4 44. Kxe4 Kg5 45. g3 h5 46. Kd4
1/2-1/2

[Event "7. Open de Sants Hostafrancs"]
[Site "Barcelona ESP"]
[Date "2005.08.31"]
[Round "6.12"]
[White "Al Sayed, Mohamad Naser"]
[Black "Halay, Taufik"]
[Result "0-1"]
[WhiteElo "2479"]
[BlackElo "2320"]
[PlyCount "123"]
[EventDate "2005.08.27"]
[EventType "swiss"]
[EventRounds "10"]
[EventCountry "ESP"]
[Source "lmi"]
[SourceDate "2005.08.30"]

1. e4 c5 2. Nf3 Nc6 3. Nc3 g6 4. d4 cxd4 5. Nxd4 Bg7 6. Be3 Nf6 7. Bc4 O-O 8.
Bb3 a5 9. a4 d6 10. f3 Bd7 11. Qe2 e6 12. O-O-O d5 13. Ndb5 Qe7 14. Qf2 d4 15.
Nxd4 Nxd4 16. Bxd4 Rac8 17. e5 Ne8 18. Ne4 Bc6 19. Qe2 Rb8 20. f4 b5 21. axb5
Bxb5 22. Bc4 Bc6 23. Rhe1 Qc7 24. Nf6+ Nxf6 25. exf6 Bxf6 26. g3 Bxd4 27. Rxd4
Qb6 28. c3 Be8 29. Ba2 a4 30. Rb4 Qc5 31. Qe5 Qa7 32. Qd4 Qc7 33. Qe5 Qa7 34.
Qd4 Qc7 35. Rxb8 Qxb8 36. Rd1 Qb7 37. c4 Bc6 38. Qc3 Bf3 39. Re1 Qc6 40. Kb1
Be4+ 41. Ka1 Bf5 42. Rd1 h5 43. c5 Kh7 44. Qd4 Rc8 45. Rc1 Rc7 46. Qb4 Rb7 47.
Qc3 Rc7 48. Qe5 Rc8 49. Bb1 Bxb1 50. Kxb1 Rc7 51. Ka1 Rd7 52. Qf6 a3 53. bxa3
Qf3 54. Qb2 Rd3 55. Qb4 Rxa3+ 56. Kb2 Ra6 57. Rc2 Qh1 58. Kc3 Qa1+ 59. Rb2 Ra4
60. Qb7 Ra7 61. Qe4 Ra4 62. Qb7 0-1

[Event "7. Open de Sants Hostafrancs"]
[Site "Barcelona ESP"]
[Date "2005.08.31"]
[Round "6.13"]
[White "Handke, Florian"]
[Black "Mela, Benjamin"]
[Result "1-0"]
[WhiteElo "2460"]
[BlackElo "2299"]
[PlyCount "97"]
[EventDate "2005.08.27"]
[EventType "swiss"]
[EventRounds "10"]
[EventCountry "ESP"]
[Source "lmi"]
[SourceDate "2005.08.30"]

1. e4 e6 2. d4 d5 3. Nd2 Nf6 4. e5 Nfd7 5. c3 c5 6. Bd3 Nc6 7. Ne2 cxd4 8. cxd4
f6 9. exf6 Nxf6 10. O-O Bd6 11. Nf3 O-O 12. Bf4 Bxf4 13. Nxf4 Ne4 14. Qc1 Ng5
15. Nxg5 Qxg5 16. Ne2 Qxc1 17. Raxc1 a6 18. a3 Bd7 19. Rc5 Kf7 20. f4 h6 21.
Kf2 Ke7 22. Ke3 g5 23. Rf3 Kd6 24. Rc1 gxf4+ 25. Rxf4 Rxf4 26. Nxf4 Nxd4 27.
Nxd5 Nb3 28. Rc3 exd5 29. Rxb3 Bc6 30. Rb4 Re8+ 31. Kd2 Rg8 32. g3 Rf8 33. Rh4
Rf6 34. Ke3 Be8 35. Rg4 Ke5 36. b4 Bb5 37. Rf4 Rxf4 38. gxf4+ Ke6 39. Bc2 Be8
40. a4 b6 41. a5 bxa5 42. bxa5 Bb5 43. Bg6 Bf1 44. Bh7 Bc4 45. Bg6 Bf1 46. Kd4
Bc4 47. Bc2 Bf1 48. f5+ Kf6 49. Kxd5 1-0

[Event "7. Open de Sants Hostafrancs"]
[Site "Barcelona ESP"]
[Date "2005.08.31"]
[Round "6.14"]
[White "Oms Fuentes, Lluis"]
[Black "Fluvia Poyatos, Joan"]
[Result "1/2-1/2"]
[WhiteElo "2281"]
[BlackElo "2458"]
[PlyCount "138"]
[EventDate "2005.08.27"]
[EventType "swiss"]
[EventRounds "10"]
[EventCountry "ESP"]
[Source "lmi"]
[SourceDate "2005.08.30"]

1. e4 Nf6 2. e5 Nd5 3. c4 Nb6 4. d4 d6 5. exd6 cxd6 6. Be3 g6 7. Nc3 Bg7 8. Nf3
O-O 9. Be2 Bg4 10. b3 Nc6 11. h3 Bxf3 12. Bxf3 e5 13. Bxc6 bxc6 14. dxe5 Bxe5
15. Rc1 d5 16. cxd5 Qf6 17. Qd2 Nxd5 18. Nxd5 cxd5 19. Qxd5 Bc3+ 20. Kf1 Rac8
21. Qf3 Qa6+ 22. Qe2 Qa5 23. Kg1 Rce8 24. Rd1 Re6 25. Kh2 Bd4 26. Qd2 Qxd2 27.
Rxd2 Bxe3 28. fxe3 Rxe3 29. Rc1 Re7 30. Kg3 Rb8 31. Rcd1 Rbb7 32. Kf2 Kg7 33.
Re2 Rec7 34. Rd4 Rb5 35. Ra4 a5 36. Rc4 Rd7 37. Rec2 h5 38. h4 Re5 39. b4 Rf5+
40. Kg1 Rd1+ 41. Kh2 Ra1 42. Rc5 axb4 43. Rxf5 gxf5 44. Kg3 Re1 45. Kf3 Re4 46.
g3 Kf6 47. Rc6+ Ke5 48. Rc5+ Kf6 49. Rb5 Rc4 50. Ke3 Kg6 51. Kf3 f6 52. Rb7 Rc2
53. Rxb4 Rxa2 54. Rf4 Ra5 55. Rb4 Rd5 56. Ra4 Rd7 57. Kf4 Rd1 58. Kf3 Re1 59.
Rb4 Kf7 60. Rb7+ Re7 61. Rb5 Re5 62. Rb7+ Kg6 63. Rb4 Ra5 64. Kf4 Ra3 65. Rc4
Kf7 66. Rb4 Kg6 67. Rc4 Ra1 68. Kf3 Ra2 69. Rb4 Ra3+ 1/2-1/2

[Event "7. Open de Sants Hostafrancs"]
[Site "Barcelona ESP"]
[Date "2005.08.31"]
[Round "6.15"]
[White "Fluvia Poyatos, Jordi"]
[Black "Montilla Carrillo, Esteban"]
[Result "1-0"]
[WhiteElo "2443"]
[BlackElo "2277"]
[PlyCount "45"]
[EventDate "2005.08.27"]
[EventType "swiss"]
[EventRounds "10"]
[EventCountry "ESP"]
[Source "lmi"]
[SourceDate "2005.08.30"]

1. e4 c5 2. Nf3 e6 3. d3 Nc6 4. g3 d5 5. Nbd2 Nf6 6. Bg2 Be7 7. O-O O-O 8. e5
Nd7 9. Re1 Qc7 10. Qe2 b5 11. h4 b4 12. Nf1 a5 13. Bf4 Nb6 14. N1h2 Ba6 15. Ng5
Nd4 16. Qh5 h6 17. Ng4 Nf5 18. Bh3 hxg5 19. Nf6+ Bxf6 20. exf6 g6 21. Qxg5 Qd8
22. Bxf5 Nd7 23. Rxe6 1-0

[Event "7. Open de Sants Hostafrancs"]
[Site "Barcelona ESP"]
[Date "2005.08.31"]
[Round "6.16"]
[White "Gabrielsen, Trond"]
[Black "Ledger, Andrew"]
[Result "1-0"]
[WhiteElo "2243"]
[BlackElo "2438"]
[PlyCount "51"]
[EventDate "2005.08.27"]
[EventType "swiss"]
[EventRounds "10"]
[EventCountry "ESP"]
[Source "lmi"]
[SourceDate "2005.08.30"]

1. e4 d5 2. exd5 Qxd5 3. Nc3 Qd6 4. d4 Nf6 5. Bc4 a6 6. Nf3 Bg4 7. h3 Bh5 8. g4
Bg6 9. Qe2 e6 10. d5 Nbd7 11. dxe6 fxe6 12. g5 Nh5 13. Qxe6+ Be7 14. Be3 Rf8
15. Nd4 Nf4 16. Qxd6 Bxd6 17. O-O-O Ne5 18. Nde2 Bh5 19. Rxd6 Bxe2 20. Rd4 Bf3
21. Rg1 Neg6 22. Re1 Rf5 23. Bxf4+ Ne7 24. Bxc7 b5 25. Bd6 Ra7 26. Bd5 1-0

[Event "7. Open de Sants Hostafrancs"]
[Site "Barcelona ESP"]
[Date "2005.08.31"]
[Round "6.17"]
[White "Escobar Forero, Alder"]
[Black "Ramirez Gonzalez, Juan Alberto"]
[Result "1-0"]
[WhiteElo "2416"]
[BlackElo "2173"]
[PlyCount "63"]
[EventDate "2005.08.27"]
[EventType "swiss"]
[EventRounds "10"]
[EventCountry "ESP"]
[Source "lmi"]
[SourceDate "2005.08.30"]

1. e4 c6 2. d4 d5 3. Nc3 dxe4 4. Nxe4 Nd7 5. Ng5 Ngf6 6. Bd3 e6 7. N1f3 Bd6 8.
Qe2 h6 9. Ne4 Nxe4 10. Qxe4 Qc7 11. O-O b6 12. Qg4 Kf8 13. b3 Bb7 14. Bb2 Nf6
15. Qh4 c5 16. dxc5 Qxc5 17. Bxf6 gxf6 18. Be4 Bxe4 19. Qxe4 Kg7 20. Rad1 Rad8
21. Rd4 f5 22. Qh4 Be7 23. Qg3+ Kh7 24. Rc4 Bd6 25. Ng5+ hxg5 26. Qxg5 Bxh2+
27. Kxh2 Qe5+ 28. Kg1 Rd4 29. Rc3 Qg7 30. Qh5+ Qh6 31. Qxf7+ Qg7 32. Rh3+ 1-0

[Event "7. Open de Sants Hostafrancs"]
[Site "Barcelona ESP"]
[Date "2005.08.31"]
[Round "6.18"]
[White "Mascaro March, Pedro"]
[Black "Ruiz Bravo, Alfons"]
[Result "1-0"]
[WhiteElo "2406"]
[BlackElo "2073"]
[PlyCount "125"]
[EventDate "2005.08.27"]
[EventType "swiss"]
[EventRounds "10"]
[EventCountry "ESP"]
[Source "lmi"]
[SourceDate "2005.08.30"]

1. d4 Nf6 2. c4 g6 3. Nc3 Bg7 4. e4 d6 5. h3 O-O 6. Bg5 h6 7. Be3 e5 8. d5 Nbd7
9. Bd3 a5 10. Nge2 Nc5 11. Bc2 Qe7 12. Qd2 Kh7 13. O-O-O Bd7 14. f3 a4 15. g4
Rfb8 16. Nb5 Ne8 17. h4 Bf8 18. h5 g5 19. Nec3 c6 20. Na3 Rd8 21. Qe2 Rdb8 22.
dxc6 bxc6 23. Bxc5 dxc5 24. Nxa4 Be6 25. Nc3 Nd6 26. Bb3 Qb7 27. Kd2 Qb4 28.
Rc1 Nb7 29. Nc2 Qb6 30. Ke3 Na5 31. Na1 Qd8 32. Kf2 Qd4+ 33. Kg3 Bxc4 34. Bxc4
Qxc4 35. Rh2 Rd8 36. Qxc4 Nxc4 37. b3 Nb6 38. Nd1 Rd3 39. Nb2 Rd7 40. a4 Be7
41. Rc3 Kg7 42. Nc2 c4 43. Nxc4 Nxc4 44. Rxc4 Rd3 45. Na1 Ba3 46. Ra2 Be7 47.
a5 Ra6 48. b4 Rd4 49. Rxd4 exd4 50. Nb3 Bxb4 51. Nxd4 Bd6+ 52. Kf2 Bc5 53. Ke3
Bb6 54. Kd3 Rxa5 55. Rxa5 Bxa5 56. Nxc6 Bc7 57. Kd4 f6 58. Kd5 Bf4 59. Ke6 Bd2
60. Nd4 Bc3 61. Nf5+ Kh7 62. Kf7 Bb2 63. Ne3 1-0

[Event "7. Open de Sants Hostafrancs"]
[Site "Barcelona ESP"]
[Date "2005.08.31"]
[Round "6.19"]
[White "Moskalenko, Viktor"]
[Black "Lyell, Mark"]
[Result "1-0"]
[WhiteElo "2534"]
[BlackElo "2194"]
[PlyCount "107"]
[EventDate "2005.08.27"]
[EventType "swiss"]
[EventRounds "10"]
[EventCountry "ESP"]
[Source "lmi"]
[SourceDate "2005.08.30"]

1. d4 d5 2. Nf3 Nc6 3. c4 Bg4 4. Nc3 Bxf3 5. gxf3 e6 6. cxd5 exd5 7. e4 Bb4 8.
Be3 Nge7 9. Qb3 O-O 10. O-O-O Bxc3 11. Qxc3 Ng6 12. h4 h5 13. Be2 Nce7 14. Kb1
Qd6 15. e5 Qd7 16. Qc2 Qf5 17. f4 Qxc2+ 18. Kxc2 Nf5 19. Rh2 Rfe8 20. Bxh5 Re6
21. Bf3 Rd8 22. h5 Nge7 23. Kb1 Rc6 24. Rhh1 Kf8 25. Rhg1 a5 26. Be2 Ra8 27.
Bd3 Rh6 28. Rg5 g6 29. hxg6 fxg6 30. Rgg1 Kf7 31. Rc1 c6 32. Rc3 Rah8 33. Rb3
Rh1 34. Rxh1 Rxh1+ 35. Kc2 b5 36. Ra3 Rh2 37. Bxf5 Nxf5 38. Kd3 a4 39. b3 Rh8
40. bxa4 Ra8 41. a5 Ke6 42. Bd2 Kd7 43. a6 Rh8 44. a7 Ra8 45. Bb4 Kc7 46. Bc5
Kb7 47. Kd2 Rh8 48. e6 b4 49. Bxb4 Ka8 50. Bc5 Rh7 51. Rb3 Rh8 52. e7 Ng7 53.
Rg3 Ne6 54. Rxg6 1-0

[Event "7. Open de Sants Hostafrancs"]
[Site "Barcelona ESP"]
[Date "2005.08.31"]
[Round "6.20"]
[White "Yeo, Michael"]
[Black "Zagrebelny, Sergey"]
[Result "0-1"]
[WhiteElo "2200"]
[BlackElo "2510"]
[PlyCount "70"]
[EventDate "2005.08.27"]
[EventType "swiss"]
[EventRounds "10"]
[EventCountry "ESP"]
[Source "lmi"]
[SourceDate "2005.08.30"]

1. e4 c5 2. Nf3 d6 3. d4 cxd4 4. Nxd4 Nf6 5. Nc3 Nc6 6. Bg5 e6 7. Qd2 Qb6 8.
Be3 Ng4 9. Na4 Qb4 10. Qxb4 Nxb4 11. Bb5+ Bd7 12. Bxd7+ Kxd7 13. Bd2 d5 14.
exd5 e5 15. O-O-O Nxf2 16. Rhf1 Nxa2+ 17. Kb1 Nxd1 18. Nb5 Nb4 19. Rxd1 b6 20.
d6 Kc6 21. c4 a6 22. Nc7 Bxd6 23. Nxa8 Rxa8 24. Bc3 Bc5 25. Bxe5 f6 26. Bc3 Re8
27. b3 Re2 28. Rd2 Rxd2 29. Bxd2 Bd6 30. Bxb4 Bxb4 31. Kc2 Bd6 32. h3 Be5 33.
b4 b5 34. cxb5+ Kxb5 35. Kb3 Bd4 0-1

[Event "7. Open de Sants Hostafrancs"]
[Site "Barcelona ESP"]
[Date "2005.09.01"]
[Round "7.2"]
[White "Parligras, Mircea"]
[Black "Handke, Florian"]
[Result "1/2-1/2"]
[WhiteElo "2571"]
[BlackElo "2460"]
[PlyCount "69"]
[EventDate "2005.08.27"]
[EventType "swiss"]
[EventRounds "10"]
[EventCountry "ESP"]
[Source "lmi"]
[SourceDate "2005.08.30"]

1. e4 e5 2. Nf3 Nc6 3. Bb5 a6 4. Ba4 Nf6 5. O-O Be7 6. Re1 b5 7. Bb3 d6 8. c3
O-O 9. h3 Nb8 10. d4 Nbd7 11. Nbd2 Bb7 12. Bc2 Re8 13. Nf1 Bf8 14. Ng3 g6 15.
a4 c5 16. d5 c4 17. Bg5 h6 18. Be3 Nc5 19. Qd2 h5 20. Bg5 Be7 21. Ra3 Nfd7 22.
Bh6 Bf8 23. Bg5 Be7 24. Be3 Bf6 25. Rea1 Qe7 26. Qd1 Reb8 27. R1a2 Qd8 28. Qa1
Nb6 29. axb5 axb5 30. Nf1 Nbd7 31. N1d2 Qc8 32. Nb1 Bd8 33. Rxa8 Bxa8 34. Nbd2
Bb7 35. Qd1 1/2-1/2

[Event "7. Open de Sants Hostafrancs"]
[Site "Barcelona ESP"]
[Date "2005.09.01"]
[Round "7.3"]
[White "Al Modiahki, Mohamad"]
[Black "Fluvia Poyatos, Jordi"]
[Result "1-0"]
[WhiteElo "2570"]
[BlackElo "2443"]
[PlyCount "55"]
[EventDate "2005.08.27"]
[EventType "swiss"]
[EventRounds "10"]
[EventCountry "ESP"]
[Source "lmi"]
[SourceDate "2005.08.30"]

1. e4 d6 2. d4 Nf6 3. Nc3 g6 4. Be3 c6 5. Qd2 b5 6. Bd3 Nbd7 7. Nf3 Bg7 8. h3
Qc7 9. O-O O-O 10. Rfe1 e5 11. dxe5 dxe5 12. Ne2 c5 13. Ng3 c4 14. Bf1 Rd8 15.
a4 bxa4 16. Rxa4 Nb6 17. Qa5 Bb7 18. Rxc4 Qd6 19. Rb4 Bf8 20. c3 Nfd7 21. Qa2
a5 22. Rb5 Kg7 23. Ng5 Qf6 24. Bxb6 Nxb6 25. Rxb6 Qxb6 26. Qxf7+ Kh6 27. h4 Bg7
28. Qg8 1-0

[Event "7. Open de Sants Hostafrancs"]
[Site "Barcelona ESP"]
[Date "2005.09.01"]
[Round "7.4"]
[White "Barrientos Chavarriaga, Sergio"]
[Black "Marin, Mihail"]
[Result "1/2-1/2"]
[WhiteElo "2433"]
[BlackElo "2537"]
[PlyCount "117"]
[EventDate "2005.08.27"]
[EventType "swiss"]
[EventRounds "10"]
[EventCountry "ESP"]
[Source "lmi"]
[SourceDate "2005.08.30"]

1. e4 e5 2. Nf3 Nc6 3. Bb5 a6 4. Ba4 Nf6 5. d3 d6 6. c3 g6 7. O-O Bg7 8. Nbd2
O-O 9. Re1 Bd7 10. Nf1 Qe8 11. Bc2 Kh8 12. Ne3 Rc8 13. h3 Nh5 14. d4 Nf4 15.
Ng4 h5 16. Ngh2 Nd8 17. Bxf4 exf4 18. Qd2 Bh6 19. g4 Qe7 20. Kh1 hxg4 21. hxg4
Kg7 22. Kg2 Rh8 23. Bb3 Ne6 24. e5 Ng5 25. Qxf4 Ne6 26. Qe4 Nf4+ 27. Kf1 Bb5+
28. c4 d5 29. Qc2 dxc4 30. Bxc4 Bc6 31. d5 Bxd5 32. Bxd5 Nxd5 33. e6 Bf4 34.
Qe4 c6 35. Qd4+ Qf6 36. Qxf6+ Kxf6 37. g5+ Kf5 38. Nd4+ Kxg5 39. Nhf3+ Kf6 40.
exf7 Kxf7 41. Ne6 Rh1+ 42. Kg2 Rxe1 43. Rxe1 Kf6 44. Nc5 b6 45. Nd7+ Kf7 46.
Re4 g5 47. b4 Re8 48. Nde5+ Kg7 49. Kh3 Nf6 50. Re1 Bxe5 51. Nxe5 Nd7 52. f4
Nxe5 53. fxe5 Kf7 54. Kg4 Ke6 55. Kxg5 Rf8 56. Rc1 Rf5+ 57. Kg6 Rf2 58. Rxc6+
Kxe5 59. Rxb6 1/2-1/2

[Event "7. Open de Sants Hostafrancs"]
[Site "Barcelona ESP"]
[Date "2005.09.01"]
[Round "7.5"]
[White "Megaranto, Susanto"]
[Black "Zude, Erik"]
[Result "0-1"]
[WhiteElo "2499"]
[BlackElo "2424"]
[PlyCount "198"]
[EventDate "2005.08.27"]
[EventType "swiss"]
[EventRounds "10"]
[EventCountry "ESP"]
[Source "lmi"]
[SourceDate "2005.08.30"]

1. e4 e5 2. Nf3 Nc6 3. Bb5 a6 4. Ba4 d6 5. O-O Bg4 6. c3 Qf6 7. d3 Nge7 8. Nbd2
Ng6 9. h3 h5 10. Bxc6+ bxc6 11. Qa4 Bd7 12. Nc4 Nf4 13. Bxf4 Qxf4 14. Ne3 Be7
15. Nh2 h4 16. Rfe1 Rh5 17. Qd1 Rg5 18. Qf3 g6 19. Kh1 O-O-O 20. Qxf4 exf4 21.
Nc4 Rh5 22. e5 Be6 23. exd6 cxd6 24. Nf3 c5 25. Ncd2 Kd7 26. d4 Rb8 27. b3 cxd4
28. Nxd4 Bf6 29. Ne4 Bxd4 30. cxd4 Rf5 31. f3 Rc8 32. Rac1 Rxc1 33. Rxc1 Rb5
34. Nc3 Rb7 35. Kg1 Rc7 36. Kf2 Bf5 37. Ke2 g5 38. Kd2 Rc8 39. Re1 f6 40. Re2
Be6 41. Ne4 Rf8 42. Nc3 Rb8 43. Na4 Bd5 44. Nc3 Be6 45. Ne4 Rf8 46. Re1 Bf5 47.
Nc3 Rc8 48. Rc1 Be6 49. Ne4 Rf8 50. Rc3 Bf5 51. Nf2 Be6 52. Rc1 Rb8 53. Nd3 Bd5
54. Nb2 Rb4 55. Kd3 Rb8 56. Na4 Be6 57. Nc3 Rc8 58. Kd2 Rb8 59. d5 Bf5 60. Na4
Rb5 61. Kc3 Rb8 62. Kd2 Rb5 63. Ke2 Kd8 64. Rd1 Rb4 65. Nb2 Kd7 66. Nc4 Rb5 67.
Rd4 Bg6 68. b4 Bf7 69. a4 Rxb4 70. Ne5+ fxe5 71. Rxb4 Bxd5 72. Rb8 Kc7 73. Rf8
a5 74. Rf5 Bc6 75. Rxg5 Bxa4 76. Rg4 Bb5+ 77. Kd2 Bf1 78. Ke1 Bb5 79. Rxh4 a4
80. Kd2 d5 81. Rh7+ Kd6 82. Ra7 e4 83. fxe4 dxe4 84. h4 Be8 85. Ke2 Ke6 86. Ra5
Kf6 87. Kf2 Bd7 88. g3 e3+ 89. Kf3 Bg4+ 90. Kxg4 e2 91. Rxa4 e1=Q 92. Rxf4+ Kg6
93. h5+ Kg7 94. Kh3 Qe2 95. Kh4 Qh2+ 96. Kg4 Qh1 97. Kg5 Qg2 98. g4 Qd2 99. Kf5
Qd5# 0-1

[Event "7. Open de Sants Hostafrancs"]
[Site "Barcelona ESP"]
[Date "2005.09.01"]
[Round "7.8"]
[White "Narciso Dublan, Marc"]
[Black "Gabrielsen, Trond"]
[Result "1-0"]
[WhiteElo "2476"]
[BlackElo "2243"]
[PlyCount "59"]
[EventDate "2005.08.27"]
[EventType "swiss"]
[EventRounds "10"]
[EventCountry "ESP"]
[Source "lmi"]
[SourceDate "2005.08.30"]

1. c4 e5 2. g3 Nf6 3. Bg2 c6 4. d4 Bb4+ 5. Bd2 Bxd2+ 6. Qxd2 d6 7. Nc3 O-O 8.
e3 Be6 9. b3 exd4 10. Qxd4 d5 11. cxd5 Nxd5 12. Nge2 Qa5 13. Qa4 Qc5 14. Nxd5
Bxd5 15. Rc1 Qe7 16. Bxd5 cxd5 17. Nd4 Nd7 18. Rc7 Rfd8 19. O-O Qd6 20. Rfc1
Nb6 21. Qa5 Rac8 22. Nb5 Rxc7 23. Rxc7 Qg6 24. Nc3 h5 25. h4 d4 26. exd4 Rxd4
27. Qxa7 Rxh4 28. Rxb7 Nd5 29. Rb8+ Kh7 30. Qa8 1-0

[Event "7. Open de Sants Hostafrancs"]
[Site "Barcelona ESP"]
[Date "2005.09.01"]
[Round "7.9"]
[White "Halay, Taufik"]
[Black "Borges Mateos, Juan"]
[Result "1/2-1/2"]
[WhiteElo "2320"]
[BlackElo "2467"]
[PlyCount "98"]
[EventDate "2005.08.27"]
[EventType "swiss"]
[EventRounds "10"]
[EventCountry "ESP"]
[Source "lmi"]
[SourceDate "2005.08.30"]

1. d4 d5 2. c4 c6 3. Nc3 Nf6 4. Nf3 e6 5. e3 Nbd7 6. Bd3 dxc4 7. Bxc4 b5 8. Bd3
a6 9. O-O c5 10. e4 cxd4 11. Nxd4 Bb7 12. Bc2 b4 13. Na4 Nxe4 14. Re1 Ndf6 15.
f3 Nc5 16. Be3 Ncd7 17. Bb3 Nd5 18. Bf2 N7f6 19. Qe2 Be7 20. Rad1 O-O 21. Nxe6
fxe6 22. Qxe6+ Kh8 23. Nb6 Qc7 24. Nxd5 Nxd5 25. Bxd5 Bf6 26. Bxb7 Qxb7 27. Bd4
h6 28. Bxf6 Rxf6 29. Qe5 Qb6+ 30. Qd4 b3 31. Qxb6 Rxb6 32. axb3 Rxb3 33. Rd2
Rab8 34. Ra1 Rxb2 35. Rxb2 Rxb2 36. Rxa6 Kh7 37. h3 h5 38. Ra4 Kh6 39. Kh2 g6
40. h4 Kg7 41. Ra3 Kf6 42. Kh3 Rb4 43. Ra5 Rc4 44. Rg5 Kg7 45. Kg3 Rc3 46. Kh3
Rc4 47. g4 hxg4+ 48. Rxg4 Rc1 49. Rg2 Kh6 1/2-1/2

[Event "7. Open de Sants Hostafrancs"]
[Site "Barcelona ESP"]
[Date "2005.09.01"]
[Round "7.10"]
[White "Lopez Gracia, Fernando"]
[Black "Peralta, Fernando"]
[Result "1/2-1/2"]
[WhiteElo "2323"]
[BlackElo "2553"]
[PlyCount "74"]
[EventDate "2005.08.27"]
[EventType "swiss"]
[EventRounds "10"]
[EventCountry "ESP"]
[Source "lmi"]
[SourceDate "2005.08.30"]

1. Nf3 d5 2. d4 Nf6 3. c4 c6 4. Nc3 dxc4 5. a4 Bf5 6. Nh4 Bd7 7. e3 b5 8. Nf3
e6 9. Ne5 a6 10. Qf3 Ra7 11. g4 Bc8 12. Bg2 b4 13. Ne2 c5 14. g5 Bb7 15. Qh3
Nfd7 16. Nxc4 Bxg2 17. Qxg2 cxd4 18. Nxd4 Bc5 19. Nb3 O-O 20. O-O Rc7 21. Rd1
Be7 22. Nba5 Qc8 23. b3 Rc5 24. e4 Nc6 25. Nxc6 Rxc6 26. Be3 Nc5 27. Bxc5 Rxc5
28. h4 Rc7 29. Rd3 Rd8 30. Rad1 Rcd7 31. Qf3 Rxd3 32. Rxd3 f6 33. Rxd8+ Qxd8
34. Qg4 Qd7 35. gxf6 Bxf6 36. h5 h6 37. Kg2 Bd4 1/2-1/2

[Event "7. Open de Sants Hostafrancs"]
[Site "Barcelona ESP"]
[Date "2005.09.01"]
[Round "7.11"]
[White "Alsina Leal, Daniel"]
[Black "Moskalenko, Viktor"]
[Result "0-1"]
[WhiteElo "2322"]
[BlackElo "2534"]
[PlyCount "115"]
[EventDate "2005.08.27"]
[EventType "swiss"]
[EventRounds "10"]
[EventCountry "ESP"]
[Source "lmi"]
[SourceDate "2005.08.30"]

1. e4 e6 2. d4 d5 3. Nc3 Bb4 4. Nge2 Nf6 5. e5 Ne4 6. Qd3 c5 7. a3 c4 8. Qe3
Ba5 9. b4 cxb3 10. cxb3 Nxc3 11. Nxc3 Bd7 12. b4 Bb6 13. Bd3 Nc6 14. Ne2 f6 15.
Qg3 O-O 16. exf6 Qxf6 17. Bg5 Qf7 18. O-O Nxd4 19. Nxd4 Bxd4 20. Qh4 h6 21.
Qxd4 hxg5 22. Rac1 Qf6 23. Qxf6 gxf6 24. Rc7 Rf7 25. Rxb7 Ba4 26. Rxf7 Kxf7 27.
Rc1 Ke7 28. Rc5 Kd6 29. f3 Bc6 30. Ra5 Bb7 31. Kf2 f5 32. Ba6 Bc6 33. Be2 Ke5
34. Ke3 Be8 35. Ra6 Rc8 36. Rxa7 Rc2 37. a4 Ra2 38. Ra5 f4+ 39. Kf2 Bg6 40. Ke1
Kd4 41. Rc5 Rxa4 42. Rc6 Bf5 43. b5 Ra1+ 44. Kf2 Ra2 45. Ra6 Rb2 46. Ra3 e5 47.
Ra4+ Kc5 48. Ke1 Bd7 49. Ra7 Bxb5 50. Bxb5 Rxb5 51. Rg7 Rb1+ 52. Ke2 Rb2+ 53.
Kf1 Kd4 54. Rxg5 e4 55. h4 e3 56. h5 Kc4 57. h6 Rb1+ 58. Ke2 0-1

[Event "7. Open de Sants Hostafrancs"]
[Site "Barcelona ESP"]
[Date "2005.09.01"]
[Round "7.12"]
[White "Zagrebelny, Sergey"]
[Black "Koskinen, Henri"]
[Result "1/2-1/2"]
[WhiteElo "2510"]
[BlackElo "2296"]
[PlyCount "62"]
[EventDate "2005.08.27"]
[EventType "swiss"]
[EventRounds "10"]
[EventCountry "ESP"]
[Source "lmi"]
[SourceDate "2005.08.30"]

1. e4 e5 2. Nf3 Nc6 3. Bb5 Nf6 4. O-O Nxe4 5. d4 Nd6 6. Bxc6 dxc6 7. dxe5 Nf5
8. Qxd8+ Kxd8 9. Nc3 Ne7 10. Re1 Ng6 11. Bg5+ Ke8 12. Rad1 Be6 13. Nd4 h6 14.
Bc1 Bb4 15. Re3 Bxc3 16. Nxe6 fxe6 17. Rxc3 Ne7 18. Rcd3 b5 19. h4 Rf8 20. g4
c5 21. Rd7 Rc8 22. g5 Rg8 23. gxh6 gxh6+ 24. Kf1 Nf5 25. h5 Rh8 26. c3 Ne7 27.
a4 a5 28. R1d3 Nf5 29. Rd1 Ne7 30. R7d3 Nf5 31. Rd7 Ne7 1/2-1/2

[Event "7. Open de Sants Hostafrancs"]
[Site "Barcelona ESP"]
[Date "2005.09.01"]
[Round "7.14"]
[White "Oms Fuentes, Lluis"]
[Black "Grigore, George Gabriel"]
[Result "0-1"]
[WhiteElo "2281"]
[BlackElo "2479"]
[PlyCount "104"]
[EventDate "2005.08.27"]
[EventType "swiss"]
[EventRounds "10"]
[EventCountry "ESP"]
[Source "lmi"]
[SourceDate "2005.08.30"]

1. e4 c5 2. Nf3 Nc6 3. c3 d5 4. exd5 Qxd5 5. d4 e6 6. Be3 cxd4 7. cxd4 Nf6 8.
Nc3 Qd6 9. Be2 Be7 10. O-O O-O 11. Qb3 b6 12. Rfd1 Bb7 13. a3 Na5 14. Qa2 Rac8
15. Rac1 Ne4 16. Nb5 Qb8 17. b4 Bd5 18. Qb2 Nc4 19. Bxc4 Bxc4 20. Nc3 Qb7 21.
Nxe4 Qxe4 22. Nd2 Qd5 23. Nxc4 Rxc4 24. Rxc4 Qxc4 25. Rc1 Qd5 26. Rc7 Bd6 27.
Rc1 Rd8 28. Qc3 Kf8 29. Qc4 Qxc4 30. Rxc4 Ke7 31. Kf1 Kd7 32. Ke2 b5 33. Rc2
Ra8 34. Rb2 Kc6 35. Kd3 Kd5 36. Rb3 Rc8 37. g3 a6 38. f3 h5 39. Rc3 Rxc3+ 40.
Kxc3 Bc7 41. Kd3 Bb6 42. f4 f6 43. h3 Ba7 44. g4 hxg4 45. hxg4 g6 46. Bg1 e5
47. dxe5 Bxg1 48. exf6 Bd4 49. f7 Bg7 50. f5 g5 51. Ke3 Ke5 52. Kd3 Kf4 0-1

[Event "7. Open de Sants Hostafrancs"]
[Site "Barcelona ESP"]
[Date "2005.09.01"]
[Round "7.15"]
[White "Almeida, Omar"]
[Black "Asensio Liñan, Teodoro"]
[Result "1-0"]
[WhiteElo "2462"]
[BlackElo "2228"]
[PlyCount "60"]
[EventDate "2005.08.27"]
[EventType "swiss"]
[EventRounds "10"]
[EventCountry "ESP"]
[Source "lmi"]
[SourceDate "2005.08.30"]

1. d4 Nf6 2. Nf3 e6 3. c4 c5 4. d5 exd5 5. cxd5 d6 6. Nc3 g6 7. h3 Bg7 8. e4
O-O 9. Bd3 b5 10. Nxb5 Re8 11. O-O Nxe4 12. Qa4 Bd7 13. Qa3 Qb6 14. Nc3 Nf6 15.
Bf4 a5 16. Nd2 Qb4 17. Bxd6 Qd4 18. Nd1 Qxd5 19. Bxc5 Bc6 20. Nf3 Nfd7 21. Be3
Na6 22. Be2 Nb4 23. Rc1 Rac8 24. Nc3 Qf5 25. g4 Qf6 26. Qxa5 Bxf3 27. g5 Qe5
28. Qxb4 Ba8 29. Rcd1 Nf8 30. Qb5 Qc7 1-0